International economics : (Record no. 1058)
[ view plain ]
| 000 -LEADER | |
|---|---|
| fixed length control field | 00863nam a22002537a 4500 |
| 003 - CONTROL NUMBER IDENTIFIER | |
| control field | OSt |
| 005 - DATE AND TIME OF LATEST TRANSACTION | |
| control field | 20221121105500.0 |
| 008 - FIXED-LENGTH DATA ELEMENTS--GENERAL INFORMATION | |
| fixed length control field | 221121s2009 ii a|||| |||| 00| 0 eng | |
| 020 ## - INTERNATIONAL STANDARD BOOK NUMBER | |
| International Standard Book Number | 9788131725634 |
| 040 ## - CATALOGING SOURCE | |
| Original cataloging agency | DLC |
| Language of cataloging | DLC |
| Transcribing agency | DLC |
| Modifying agency | CL.UB |
| 082 ## - DEWEY DECIMAL CLASSIFICATION NUMBER | |
| Classification number | 337 |
| Edition number | 23 |
| Item number | KRI |
| 100 1# - MAIN ENTRY--PERSONAL NAME | |
| Personal name | Krugman, Paul R. |
| 245 10 - TITLE STATEMENT | |
| Title | International economics : |
| Remainder of title | theory and policy / |
| Statement of responsibility, etc. | by Paul R. krugman and Maurice Obstfeld. |
| 250 ## - EDITION STATEMENT | |
| Edition statement | 8h ed. |
| 260 ## - PUBLICATION, DISTRIBUTION, ETC. | |
| Place of publication, distribution, etc. | India : |
| Name of publisher, distributor, etc. | Pearson, |
| Date of publication, distribution, etc. | c2011 |
| 300 ## - PHYSICAL DESCRIPTION | |
| Extent | xxviii, 706 p. : |
| Other physical details | ill ; |
| Dimensions | 24 cm |
| 504 ## - BIBLIOGRAPHY, ETC. NOTE | |
| Bibliography, etc. note | Includes bibliographical references and index. |
| 650 ## - SUBJECT ADDED ENTRY--TOPICAL TERM | |
| Topical term or geographic name entry element | Comparative advantage (International trade)--Econometric models |
| 650 ## - SUBJECT ADDED ENTRY--TOPICAL TERM | |
| Topical term or geographic name entry element | Competition, International--Econometric models |
| 650 ## - SUBJECT ADDED ENTRY--TOPICAL TERM | |
| Topical term or geographic name entry element | International economic relations--Econometric models |
| 700 ## - ADDED ENTRY--PERSONAL NAME | |
| Personal name | Obstfeld, Maurice. |
| 942 ## - ADDED ENTRY ELEMENTS (KOHA) | |
| Source of classification or shelving scheme | Dewey Decimal Classification |
| Koha item type | Book |
| Suppress in OPAC | 0 |
| Withdrawn status | Lost status | Source of classification or shelving scheme | Damaged status | Not for loan | Department / Collection | Permanent location | Current location | Shelving location | Date acquired | Total Checkouts | Full call number | Barcode | Date last seen | Price effective from | Koha item type | Date due | Date last checked out |
|---|---|---|---|---|---|---|---|---|---|---|---|---|---|---|---|---|---|
| Dewey Decimal Classification | Department of Economics | Central Library, University of Barishal | Central Library, University of Barishal | Shelve No 13 | 21/11/2022 | 337 KRI | 1780 | 21/11/2022 | 21/11/2022 | Book | |||||||
| Dewey Decimal Classification | Department of Economics | Central Library, University of Barishal | Central Library, University of Barishal | Shelve No 13 | 21/11/2022 | 2 | 337 KRI | 1779 | 26/05/2024 | 21/11/2022 | Book | 10/06/2024 | 26/05/2024 |
